Indian Musalmans (Record no. 2648)

MARC details
000 -LEADER
fixed length control field 00647nam a2200253 a 4500
020 ## - INTERNATIONAL STANDARD BOOK NUMBER
ISBN
082 00 - DEWEY DECIMAL CLASSIFICATION NUMBER
Classification number 323.39710954
Author Cutter HUN
100 ## - MAIN ENTRY--AUTHOR NAME
Author name Hunter, W W
245 ## - TITLE STATEMENT
Title Indian Musalmans
Sub title Are They Bound in Conscience to Rebel Against Queen
260 ## - PUBLICATION, DISTRIBUTION, ETC. (IMPRINT)
Place of publication London
Name of publisher Trubner and Co
Year of publication 1871
300 ## - PHYSICAL DESCRIPTION
Number of Pages 215p
500 ## - GENERAL NOTE
General note includes index and biblioraphy
505 2# - FORMATTED CONTENTS NOTE
Formatted contents note Index
650 ## - SUBJECT ADDED ENTRY--TOPICAL TERM
Topical Term British-India Muslims
650 ## - SUBJECT ADDED ENTRY--TOPICAL TERM
Topical Term Muslims-India
942 ## - ADDED ENTRY ELEMENTS (KOHA)
Koha item type Books
700 1# -
-- Hunter, W W
Holdings
Home library Current library Date acquired Cost, normal purchase price Full call number Accession Number Koha item type
Henry Martyn Institute Library Henry Martyn Institute Library   100.00 323.39710954 HUN 871 Archive Book
Henry Martyn Institute Library Henry Martyn Institute Library   100.00 323.39710954 HUN 891 E-Books
                   Copyright © 2026 | Henry Martyn Institute | Hyderabad | TS-500052 | INDIA | Implemented by hmi.edu.in
Hit-Count:

Powered by Koha